000 00512nam a2200193 a 4500
001 1764835984452
003 YourLibrary
005 20251204134437.0
008 251204s2005##################000#0#eng##
020 _a9780824725402
082 0 4 _a616.07997
_bMOR
100 1 _aMorikis, Dimitrios,
_eauthor.
245 1 0 _aStructural Biology of the Complement System :
260 _bCRC Press,
_c2005.
300 _a370 pages
650 0 _aMedical.
942 _cENGLISH
040 _aYourLibrary
_beng
_cYourLibrary
999 _c600036
_d600036